000 00673 am a2200241 4500
001 200466984
003 TR-AnU
005 20260212121432.0
008 030208s1944 eng eng d
040 _cTR-AnTOB
041 _aeng
099 _aWO 100 COL 1944
100 1 _aCole, Warren H.
245 1 0 _aTextbook of general surgery/
_cEd.by : W.H.Cole, R.Elman.
250 _a4th ed.
260 _aNew York :
_bD.Appleton Century Company ,
_c1944.
300 _aXXXIX, 1118 s. :
_btbl. ,res. ,şkl. ;
_c25 cm.
504 _aİndeks : 1083-1118 ss.
700 _aElman, Robert
942 _2NLM
_cBK
999 _c200466984
_d85196